| 000 | 01252nam0a2200325 4500 | ||
|---|---|---|---|
| 001 | RU\NLR\bibl\1172792 | ||
| 005 | 20260406065822.0 | ||
| 010 |
_a978-5-699-23826-2 _95000 |
||
| 021 |
_aRU _b2007-79480 _94277 |
||
| 035 | _a(NLR Aleph) 001159469 | ||
| 090 |
_a1528253 _c1528253 |
||
| 100 | _a20071226d2007 |||y0rusy50 ca | ||
| 101 | 0 | _arus | |
| 102 | _aRU | ||
| 105 | _aa ||||||||| | ||
| 200 | 1 |
_aАстма _eосвободиться и забыть навсегда _fМалкина-Пых И.Г. |
|
| 210 |
_aМосква _cЭКСМО _d2007 |
||
| 215 |
_a219, [1] с. _d21 |
||
| 225 | 1 | _aПсихология здоровья | |
| 300 | _aНа 4-й с. обл. авт.: И.Г. Малкина-Пых, д.ф.-м.н., психолог | ||
| 320 | _aБиблиогр.: с. 215-218 (35 назв.) | ||
| 606 | 1 |
_aБронхиальная астма _jПопулярные издания _xПсихотерапия _91199953 _3RU\NLR\auth\66167485 |
|
| 686 | _aР412.202-571я9 | ||
| 700 | 1 |
_4070 _7ca _8rus _aМалкина-Пых _bИ. Г. _f1958- _gИрина Германовна _3RU\NLR\AUTH\7715255 _9124912 |
|
| 801 | 0 |
_aRU _bNLR _c20071226 _gRCR |
|
| 801 | 1 |
_aRU _bNLR _c20071226 |
|
| 942 | _cBOOK | ||
| 980 | _aNB | ||